|
|
|
|
| LEADER |
00000cam a2200000 4500 |
| 001 |
vtls011747669 |
| 003 |
SK-MaSNL |
| 005 |
20260301044827.0 |
| 008 |
200316s2017 xo o e np 000 0 slo |
| 015 |
|
|
|a SNBA2018/06
|
| 020 |
|
|
|a 9788022344319
|q (brožované)
|
| 035 |
|
|
|a urn:nbn:sk:snk-am00dgtw
|
| 035 |
|
|
|a urn:nbn:sk:snk-am3i1sd
|
| 035 |
|
|
|a CF4FD956-3A22-4341-A130-AA82B22E25FE
|
| 040 |
|
|
|a SNK
|b slo
|c SNK
|e rda
|
| 041 |
0 |
|
|a slo
|a rus
|
| 043 |
|
|
|a e-ru---
|
| 044 |
|
|
|a xo
|c SK
|
| 072 |
|
7 |
|a 80
|x Filológia
|2 konspekt
|
| 072 |
|
7 |
|a 811.161.1
|x Ruština
|2 konspekt
|
| 072 |
|
7 |
|a 37.016
|x Učebné osnovy. Vyučovacie predmety. Učebnice
|2 konspekt
|
| 080 |
|
|
|a 80(=161.1)+908(470+571)
|2 2011
|
| 080 |
|
|
|a 81:316.7
|2 2011
|
| 080 |
|
|
|a 13
|2 2011
|
| 080 |
|
|
|a (470+571)
|2 2011
|
| 080 |
|
|
|a (075.8)
|2 2011
|
| 080 |
|
|
|a 811.161.1
|2 2011
|
| 100 |
1 |
|
|a Dulebová, Irina,
|d 1966-
|4 aut
|9 204765
|
| 245 |
1 |
0 |
|a Ruské lingvoreálie
|b vysokoškolská učebnica
|c Irina Dulebová, Nina Cingerová
|
| 250 |
|
|
|a Prvé vydanie
|
| 264 |
|
1 |
|a Bratislava
|b Univerzita Komenského v Bratislave
|b Vydavateľstvo UK
|c 2017
|
| 300 |
|
|
|a 274 strán
|b fotografie, ilustrácie
|c 21 cm
|
| 336 |
|
|
|a text
|b txt
|2 rdacontent
|
| 337 |
|
|
|a bez média
|b n
|2 rdamedia
|
| 338 |
|
|
|a zväzok
|b nc
|2 rdacarrier
|
| 366 |
|
|
|e 100 kusov
|
| 504 |
|
|
|a Bibliografia na strane 256-267 ; bibliografické odkazy
|
| 546 |
|
|
|a Čiastočný text v ruštine
|
| 650 |
0 |
7 |
|a rusistika
|2 SNKPH
|9 19634
|
| 650 |
0 |
7 |
|a jazyk a kultúra
|2 SNKPH
|9 66827
|
| 650 |
0 |
7 |
|a Russian studies
|2 SNKPHeng
|9 268174
|
| 650 |
0 |
7 |
|a Language, culture and society
|2 SNKPHeng
|9 303467
|
| 650 |
0 |
7 |
|a kulturológia
|2 SNKPH
|9 17760
|
| 650 |
0 |
7 |
|a Culturology
|2 SNKPHeng
|9 268019
|
| 650 |
0 |
7 |
|a ruština
|2 SNKPH
|9 1346
|
| 650 |
0 |
7 |
|a Russian language
|2 SNKPHeng
|9 282042
|
| 651 |
|
7 |
|a Rusko
|2 SNKPH
|9 17250
|
| 651 |
|
7 |
|a Russia
|2 SNKPHeng
|9 278886
|
| 655 |
|
7 |
|a učebnice vysokých škôl
|2 SNKPH
|9 70191
|
| 655 |
|
7 |
|a Textbooks (higher)
|2 SNKPHeng
|9 276436
|
| 700 |
1 |
|
|a Cingerová, Nina,
|d 1977-
|4 aut
|9 132084
|
| 852 |
|
|
|a Štátna vedecká knižnica v Banskej Bystrici
|
| 919 |
|
|
|a 978-80-223-4431-9
|
| 958 |
|
|
|a NB
|
| 999 |
|
|
|c 596881
|d 598811
|
| 952 |
|
|
|a SNK
|b SNK
|y PREZ
|7 0
|p 17A1329858
|o snkSC 179287
|i snk2018/9309
|8 0
|0 0
|1 0
|4 0
|d 2018-04-24
|f 1
|l 0
|r 2026-02-23 15:42:41
|w 2026-02-23
|
| 952 |
|
|
|a SNK
|b SNK
|y VYP
|7 0
|p 17A1329859
|o snkSC 179287 D1
|i snk2018/9310
|8 0
|0 0
|1 0
|4 0
|d 2018-04-24
|l 0
|r 2026-02-23 15:42:41
|w 2026-02-23
|